Metodologías físicas para la investigación del suelo : penetrometría e infiltrometría /

Guardado en:
Autor Principal: Filgueira, Roberto R.
Otros Autores: Micucci, Federico G.
Formato: Libro
Idioma:Spanish
Publicado: La Plata : Editorial Universidad de La Plata, 2004.
Etiquetas: Agregar Etiqueta
Sin Etiquetas, Sea el primero en etiquetar este registro!
LEADER 00880nam a22001695a 4500
001 EEA.libagro007331
005 20180523121737.0
008 130809s2004####ag#a##########000#0#spa#d
020 |a 9503402808 
082 0 4 |a 631.43 
100 1 |a Filgueira, Roberto R. 
245 1 0 |a Metodologías físicas para la investigación del suelo :  |b penetrometría e infiltrometría /  |c Roberto R. Filgueira, Federico G. Micucci. 
260 |a La Plata :  |b Editorial Universidad de La Plata,  |c 2004. 
300 |a 180 p. :  |b il. ;  |c 21 cm. 
500 |a Esta publicación presenta los trabajos discutidos durante el Taller de Física de Suelos, organizado por la Asociación Argentina de la Ciencia del Suelo (AACS) y la Facultad de Ciencias Agrarias y Forestales (FCAF) de la UNLP en mayo de 2003, en la ciudad de La Plata. 
700 1 |a Micucci, Federico G. 
859 |a AR-BbBCA  |b BIB. AGRONOMIA  |h 631.43  |i F481  |p 2004/4702